[Event "CHN-chT"]
[Site "China"]
[Date "2013.12.22"]
[Round "20.5"]
[White "Wang, Shuai"]
[Black "Ponomariov, Ruslan"]
[Result "1/2-1/2"]
[WhiteElo "2438"]
[BlackElo "2731"]
[PlyCount "128"]
[EventDate "2013.04.30"]
[EventType "team-tourn"]
[EventRounds "22"]
[EventCountry "CHN"]
[SourceTitle "EXT 2015"]
[Source "ChessBase"]
[SourceDate "2014.11.20"]
[SourceVersion "1"]
[SourceVersionDate "2014.11.20"]
[SourceQuality "1"]
[WhiteTeam "Qingdao"]
[BlackTeam "Jiangsu"]
[WhiteTeamCountry "CHN"]
[BlackTeamCountry "CHN"]

1. e4 e5 2. Nf3 Nc6 3. Nc3 Nf6 4. d4 exd4 5. Nxd4 Bb4 6. Nxc6 bxc6 7. Bd3 0-0 8. 0-0 Re8 9. Qf3 Bd6 10. Re1 Be5 11. Bf4 Qe7 12. Bxe5 Qxe5 13. Qg3 Qxg3 14. hxg3 d6 15. f3 h5 16. Kf2 g6 17. Re3 Re5 18. Na4 Kg7 19. b3 Be6 20. Rae1 Rb8 21. Be2 Ra5 22. c4 Nd7 23. Rc1 Kf6 24. Rc2 Ke7 25. Rec3 Nb6 26. Nxb6 axb6 27. a4 Rh8 28. f4 h4 29. gxh4 Rxh4 30. g3 Rh8 31. Bf3 g5 32. Rc1 Rh2+ 33. Kg1 Rh6 34. Kf2 gxf4 35. gxf4 c5 36. Rh1 Rxh1 37. Bxh1 c6 38. Bf3 b5 39. cxb5 cxb5 40. axb5 Rxb5 41. Bd1 Rb4 42. Bc2 Rb8 43. e5 Rh8 44. exd6+ Kxd6 45. Ke3 Rh3+ 46. Kd2 Rh2+ 47. Ke3 Bd5 48. Bf5 Kc6 49. Bd3 Kb6 50. Bc4 Bxc4 51. bxc4 Ka5 52. Ke4 Kb4 53. Rc1 Rh5 54. f5 f6 55. Rg1 Kxc4 56. Rg6 Rh4+ 57. Ke3 Rh3+ 58. Ke4 Rh4+ 59. Ke3 Kd5 60. Rxf6 Ke5 61. Rc6 Re4+ 62. Kd3 c4+ 63. Rxc4 Rxc4 64. Kxc4 Kxf5 1/2-1/2

[Event "CHN-chT"]
[Site "Ningbo"]
[Date "2011.07.10"]
[Round "8"]
[White "Yu, Yangyi"]
[Black "Wang, Shuai"]
[Result "1/2-1/2"]
[WhiteElo "2652"]
[BlackElo "2424"]
[PlyCount "284"]
[EventDate "2011.04.12"]
[EventType "team-tourn"]
[EventRounds "18"]
[EventCountry "CHN"]
[SourceTitle "EXT 2012"]
[Source "ChessBase"]
[SourceDate "2011.11.24"]
[SourceVersion "1"]
[SourceVersionDate "2011.11.24"]
[SourceQuality "1"]
[WhiteTeam "Beijing"]
[BlackTeam "Qingdao"]
[WhiteTeamCountry "CHN"]
[BlackTeamCountry "CHN"]

1. e4 c5 2. Nf3 d6 3. d4 cxd4 4. Nxd4 Nf6 5. Nc3 g6 6. Be3 Bg7 7. f3 Nc6 8. Qd2 0-0 9. Bc4 Bd7 10. Bb3 Nxd4 11. Bxd4 b5 12. h4 a5 13. a4 bxa4 14. Nxa4 e5 15. Be3 Be6 16. Bxe6 fxe6 17. c4 d5 18. Nb6 Rb8 19. c5 Qe7 20. exd5 Nxd5 21. Nxd5 exd5 22. Qxd5+ Kh8 23. 0-0 Rfd8 24. Qc6 Rdc8 25. Qd6 Rf8 26. Qd5 Rfd8 27. Qc6 Rdc8 28. Qd6 Qxh4 29. Rxa5 Rxb2 30. Ra7 Rd8 31. Qe6 Qg3 32. Bf2 Qg5 33. Rd7 Rf8 34. c6 Rxf3 35. c7 Rbxf2 36. Rd8+ Bf8 37. Rxf8+ Rxf8 38. Rxf2 Qc1+ 39. Kh2 Rxf2 40. c8Q+ Qxc8 41. Qxc8+ Kg7 42. Qc7+ Kg8 43. Qxe5 Rf5 44. Qe8+ Kg7 45. Qd7+ Rf7 46. Qd4+ Kg8 47. Qe4 Rf5 48. Kh3 Kg7 49. Qd4+ Kg8 50. Qd8+ Kg7 51. Qe7+ Rf7 52. Qe5+ Kg8 53. Qe3 Kg7 54. Qd4+ Kg8 55. Qd6 Kg7 56. Qe5+ Kg8 57. Kg4 Rf5 58. Qe8+ Kg7 59. Qd7+ Kg8 60. Qe7 Kh8 61. Kh4 Rh5+ 62. Kg3 Rf5 63. Kh2 Kg8 64. Kh3 Rh5+ 65. Kg3 Rf5 66. Kg4 Kh8 67. Kg3 Kg8 68. Kh2 Rh5+ 69. Kg1 Rf5 70. g3 Rf7 71. Qe5 Rf5 72. Qe8+ Kg7 73. Kg2 h6 74. Qe7+ Rf7 75. Qe6 Rf5 76. Kh3 Rh5+ 77. Kg4 Rf5 78. Qe8 Rf7 79. Kh4 Rf5 80. Qe7+ Rf7 81. Qd8 Kh7 82. Qd4 Kg8 83. Qe5 Kh7 84. Qe6 Kg7 85. Kh3 Rf5 86. Qd7+ Rf7 87. Qd8 Rf5 88. Qd4+ Kg8 89. Qc3 Rf7 90. Qe5 Kh7 91. Kh4 Kg8 92. Qe8+ Kg7 93. Qe6 Rf8 94. Qe5+ Kg8 95. Qd4 Rf7 96. Qe3 Kg7 97. Qc3+ Kg8 98. Qe3 Kg7 99. Qe6 Rf8 100. Qd7+ Rf7 101. Qe6 Rf8 102. Qe5+ Kg8 103. Qc7 Rf7 104. Qb8+ Kg7 105. Qe8 Rf8 106. Qe6 Rf7 107. Qd6 Kh7 108. Qd4 Kg8 109. Qe3 Kg7 110. Kh3 Kh7 111. Qe5 Kg8 112. g4 Kh7 113. Kh4 Kg8 114. Qe8+ Kg7 115. Qe6 Rf8 116. Qe5+ Kg8 117. Qe3 Kg7 118. Qc3+ Kg8 119. Qc7 Rf7 120. Qd8+ Kg7 121. Qe8 Rf8 122. Qe5+ Kg8 123. Qd6 Kg7 124. Qc7+ Rf7 125. Qc4 Rf8 126. Kg3 Rf7 127. Qd4+ Kg8 128. Qe3 Kg7 129. Kh4 Kh7 130. Qe5 Kg8 131. Qe6 Kg7 132. Qe8 Rf8 133. Qe6 Rf7 134. Qd6 Kh7 135. Qc6 Kg7 136. Qe6 Rf3 137. Qe5+ Kg8 138. Qe3 Kg7 139. Qe5+ Kg8 140. Qh2 Kg7 141. g5 h5 142. Qe5+ Kg8 1/2-1/2

[Event "CHN-chT"]
[Site "Ningbo"]
[Date "2011.05.26"]
[Round "4"]
[White "Wang, Shuai"]
[Black "Zhou, Jianchao"]
[Result "1/2-1/2"]
[WhiteElo "2424"]
[BlackElo "2660"]
[PlyCount "85"]
[EventDate "2011.04.12"]
[EventType "team-tourn"]
[EventRounds "18"]
[EventCountry "CHN"]
[SourceTitle "EXT 2012"]
[Source "ChessBase"]
[SourceDate "2011.11.24"]
[SourceVersion "1"]
[SourceVersionDate "2011.11.24"]
[SourceQuality "1"]
[WhiteTeam "Qingdao"]
[BlackTeam "Shanghai"]
[WhiteTeamCountry "CHN"]
[BlackTeamCountry "CHN"]

1. e4 c5 2. Nf3 d6 3. d4 cxd4 4. Qxd4 e5 5. Qd1 Nf6 6. Nc3 Be7 7. Bg5 0-0 8. Bxf6 Bxf6 9. Nd5 Nd7 10. Bc4 Nb6 11. Bb3 Nxd5 12. Qxd5 Be6 13. Qd2 a5 14. 0-0 a4 15. Bxe6 fxe6 16. Rfd1 Be7 17. Qe3 Qc7 18. Rac1 Qc6 19. c4 b6 20. b4 axb3 21. axb3 Rf4 22. Nd4 Qxe4 23. Nxe6 Qxe3 24. fxe3 Rf7 25. Nc7 Ra2 26. Ra1 Rff2 27. Rxa2 Rxa2 28. Nd5 Bg5 29. Kf1 Rb2 30. Rd3 e4 31. Rd4 Rxb3 32. Rxe4 b5 33. cxb5 Rxb5 34. Nf4 Kf7 35. Kf2 Bd8 36. Rd4 Ke7 37. Rd5 Rb3 38. Kf3 Kd7 39. Rf5 Ke8 40. Rd5 Kd7 41. Rf5 Ke8 42. Rd5 Kd7 43. Rf5 1/2-1/2

[Event "Budapest FS07 IM-A"]
[Site "Budapest"]
[Date "2001.07.13"]
[Round "12"]
[White "Bjornsson, Sigurbjorn"]
[Black "Wang, Shuai"]
[Result "0-1"]
[WhiteElo "2297"]
[BlackElo "2320"]
[PlyCount "50"]
[EventDate "2001.07.02"]
[EventType "tourn"]
[EventRounds "12"]
[EventCountry "HUN"]
[EventCategory "2"]
[SourceTitle "CBM 083 Extra"]
[Source "ChessBase"]
[SourceDate "2001.09.11"]
[SourceVersion "1"]
[SourceVersionDate "2001.09.11"]
[SourceQuality "1"]

1. e4 c5 2. Nf3 d6 3. d4 cxd4 4. Nxd4 Nf6 5. Nc3 g6 6. Be2 Bg7 7. 0-0 0-0 8. Nb3 Nc6 9. Kh1 a6 10. a4 Be6 11. f4 Na5 12. Nxa5 Qxa5 13. Bf3 Rfd8 14. Nd5 Nxd5 15. exd5 Bf5 16. Re1 Bxc2 17. Bd2 Qc5 18. Qe2 Bf5 19. Rac1 Qd4 20. Bc3 Qxf4 21. Bxg7 Kxg7 22. Qxe7 Re8 23. Qxb7 Rac8 24. Ra1 Rxe1+ 25. Rxe1 Rc1 0-1

[Event "Budapest FS06 IM"]
[Site "Budapest"]
[Date "2001.06.14"]
[Round "13"]
[White "Jamrich, Gyorgy"]
[Black "Wang, Shuai"]
[Result "1/2-1/2"]
[WhiteElo "2271"]
[BlackElo "2156"]
[PlyCount "22"]
[EventDate "2001.06.02"]
[EventType "tourn"]
[EventRounds "13"]
[EventCountry "HUN"]
[EventCategory "2"]
[SourceTitle "CBM 082 Extra"]
[Source "ChessBase"]
[SourceDate "2001.07.03"]
[SourceVersion "1"]
[SourceVersionDate "2001.07.03"]
[SourceQuality "1"]

1. e4 c5 2. Nc3 Nc6 3. g3 g6 4. Bg2 Bg7 5. d3 d6 6. Be3 Nd4 7. Qd2 Qa5 8. f4 e6 9. Nge2 Ne7 10. 0-0 0-0 11. Rac1 f5 1/2-1/2

[Event "Budapest FS06 IM"]
[Site "Budapest"]
[Date "2001.06.10"]
[Round "9"]
[White "Wang, Shuai"]
[Black "Castaneda, Nelson"]
[Result "1-0"]
[WhiteElo "2156"]
[BlackElo "2341"]
[PlyCount "45"]
[EventDate "2001.06.02"]
[EventType "tourn"]
[EventRounds "13"]
[EventCountry "HUN"]
[EventCategory "2"]
[SourceTitle "CBM 082 Extra"]
[Source "ChessBase"]
[SourceDate "2001.07.03"]
[SourceVersion "1"]
[SourceVersionDate "2001.07.03"]
[SourceQuality "1"]

1. e4 c5 2. Nf3 Nc6 3. d4 cxd4 4. Nxd4 Nf6 5. Nc3 d6 6. Bg5 e6 7. Qd2 a6 8. 0-0-0 h6 9. Nxc6 bxc6 10. Bf4 d5 11. Qe3 Qa5 12. Be2 Bb7 13. Kb1 Rc8 14. Qg3 Nd7 15. Rhe1 g5 16. Be5 Rg8 17. Bh5 Nxe5 18. Qxe5 Ke7 19. exd5 cxd5 20. Ne4 Qc7 21. Qf6+ Ke8 22. Qxe6+ Kd8 23. Qe8+ 1-0

[Event "Budapest FS06 IM"]
[Site "Budapest"]
[Date "2001.06.02"]
[Round "1"]
[White "Wang, Shuai"]
[Black "Kaposztas, Miklos"]
[Result "1-0"]
[WhiteElo "2156"]
[BlackElo "2273"]
[PlyCount "67"]
[EventDate "2001.06.02"]
[EventType "tourn"]
[EventRounds "13"]
[EventCountry "HUN"]
[EventCategory "2"]
[SourceTitle "CBM 082 Extra"]
[Source "ChessBase"]
[SourceDate "2001.07.03"]
[SourceVersion "1"]
[SourceVersionDate "2001.07.03"]
[SourceQuality "1"]

1. e4 e6 2. d4 d5 3. Nc3 Nf6 4. Bg5 Bb4 5. e5 h6 6. Be3 Ne4 7. Qg4 Kf8 8. a3 Bxc3+ 9. bxc3 c5 10. Bd3 Qa5 11. Ne2 cxd4 12. Bxd4 Nc6 13. 0-0 Nc5 14. Rad1 Bd7 15. Nf4 Nxd3 16. Rxd3 Ne7 17. c4 dxc4 18. Bc3 Qc7 19. Rf3 Kg8 20. Bb4 Nc6 21. Nh5 Qxe5 22. Nf6+ Qxf6 23. Rxf6 Ne5 24. Qg3 Ng6 25. Rxg6 fxg6 26. Qxg6 Be8 27. Qxe6+ Kh7 28. Rd1 Bg6 29. Rd7 Rhg8 30. Bc3 Rad8 31. h4 Bxc2 32. Rxd8 Rxd8 33. Qe7 Rg8 34. Qxb7 1-0

[Event "Elekes Memorial IM 26th"]
[Site "Budapest"]
[Date "2001.05.31"]
[Round "11"]
[White "Wang, Shuai"]
[Black "Petran, Pal"]
[Result "1/2-1/2"]
[WhiteElo "2156"]
[BlackElo "2392"]
[PlyCount "21"]
[EventDate "2001.05.21"]
[EventType "tourn"]
[EventRounds "11"]
[EventCountry "HUN"]
[EventCategory "2"]
[SourceTitle "CBM 082 Extra"]
[Source "ChessBase"]
[SourceDate "2001.07.03"]
[SourceVersion "1"]
[SourceVersionDate "2001.07.03"]
[SourceQuality "1"]

1. e4 e5 2. Nf3 Nc6 3. d4 exd4 4. Nxd4 Bc5 5. Be3 Qf6 6. c3 Nge7 7. Bc4 0-0 8. 0-0 Qg6 9. Nxc6 Qxc6 10. Bxc5 Qxc5 11. Qd4 1/2-1/2

[Event "Elekes Memorial IM 26th"]
[Site "Budapest"]
[Date "2001.05.27"]
[Round "7"]
[White "Semenova, Irina"]
[Black "Wang, Shuai"]
[Result "0-1"]
[WhiteElo "2312"]
[BlackElo "2156"]
[PlyCount "60"]
[EventDate "2001.05.21"]
[EventType "tourn"]
[EventRounds "11"]
[EventCountry "HUN"]
[EventCategory "2"]
[SourceTitle "CBM 082 Extra"]
[Source "ChessBase"]
[SourceDate "2001.07.03"]
[SourceVersion "1"]
[SourceVersionDate "2001.07.03"]
[SourceQuality "1"]

1. e4 c5 2. Nf3 d6 3. d4 cxd4 4. Nxd4 Nf6 5. Nc3 g6 6. Be3 Bg7 7. Bc4 0-0 8. h3 Nc6 9. Bb3 Na5 10. 0-0 b6 11. Qd3 Bb7 12. Bd5 Qd7 13. Rad1 Rac8 14. Rfe1 Rfe8 15. Bc1 a6 16. f4 b5 17. a3 e5 18. Nf3 Nxd5 19. Nxd5 Bxd5 20. Qxd5 exf4 21. b4 Nc4 22. Bxf4 Nxa3 23. Bxd6 Nxc2 24. Re2 Rc4 25. e5 Nxb4 26. Qd2 Rc2 27. Qe1 Rxe2 28. Qxe2 Nc6 29. Kh1 Qe6 30. Ra1 Qxd6 0-1

[Event "Budapest FS05 IM-B"]
[Site "Budapest"]
[Date "2001.05.06"]
[Round "2"]
[White "Van den Brande, Werner"]
[Black "Wang, Shuai"]
[Result "0-1"]
[WhiteElo "2241"]
[BlackElo "2156"]
[PlyCount "88"]
[EventDate "2001.05.??"]
[EventType "tourn"]
[EventRounds "10"]
[EventCountry "HUN"]
[EventCategory "2"]
[SourceTitle "CBM 082 Extra"]
[Source "ChessBase"]
[SourceDate "2001.07.03"]
[SourceVersion "1"]
[SourceVersionDate "2001.07.03"]
[SourceQuality "1"]

1. e4 c5 2. Nf3 d6 3. Bb5+ Nd7 4. d4 Ngf6 5. Nc3 cxd4 6. Qxd4 a6 7. Bxd7+ Nxd7 8. 0-0 b5 9. a4 Rb8 10. axb5 axb5 11. Ra7 e6 12. Re1 f6 13. Qb4 d5 14. Qb3 Bc5 15. Ra1 Qb6 16. Nd1 d4 17. c3 dxc3 18. bxc3 0-0 19. Ba3 Kh8 20. Rb1 Ba6 21. Bb4 Rfc8 22. Rb2 Rc7 23. Rd2 Bb7 24. Nb2 Bf8 25. Nd4 Bxb4 26. cxb4 Nf8 27. Qd1 Rd7 28. Nb3 Rbd8 29. Rxd7 Nxd7 30. Qe2 f5 31. exf5 exf5 32. Nc5 Nf6 33. f3 h6 34. Kh1 Nd5 35. Rd1 Bc6 36. Qd2 Re8 37. Qd4 Re2 38. Nbd3 Qb8 39. Rb1 Qe8 40. Kg1 Qg6 41. Nf2 Ne3 42. g3 Bxf3 43. Rc1 Qc6 44. Qc3 Bh1 0-1